Historia de las civilizaciones
Guardat en:
| Format: | Llibre |
|---|---|
| Idioma: | espanyol |
| Publicat: |
Madrid, España
Alianza
1988
|
| Col·lecció: | El Libro de Bolsillo. Sección: Humanidades
|
| Matèries: | |
| Etiquetes: |
Afegir etiqueta
Sense etiquetes, Sigues el primer a etiquetar aquest registre!
|
MARC
| LEADER | 00000nam a2200000 a 4500 | ||
|---|---|---|---|
| 001 | UCX1455 | ||
| 003 | CL-VaPUC | ||
| 005 | 20210316001259.0 | ||
| 008 | 900827e19880000SP |||||||||||||||||spa|d | ||
| 999 | |c 222681 |d 222679 | ||
| 020 | |a 8420698261 (o.c) | ||
| 020 | |a 8420603236 (v.4) | ||
| 020 | |a 8420603309 (v.5) | ||
| 020 | |a 842060337 (v.6) | ||
| 040 | |c Pontificia Universidad Católica de Valparaíso | ||
| 082 | 0 | 4 | |a 909 HIS 1988 |2 21 |
| 245 | 1 | 0 | |a Historia de las civilizaciones |
| 260 | |a Madrid, España |b Alianza |c 1988 | ||
| 300 | |a 12 volúmenes | ||
| 490 | 0 | |a El Libro de Bolsillo. Sección: Humanidades | |
| 500 | |a v.1: El despertar de la civilización | ||
| 500 | |a v.2: Civilizaciones extinguidas | ||
| 500 | |a v.3: Grecia y Roma | ||
| 500 | |a v.4: El crisol del cristianismo: advenimiento de una nueva era | ||
| 500 | |a v.5: La Alta Edad Media hacia la formación de Europa | ||
| 500 | |a v.6: La baja Edad Media: el florecimiento de la Europa medieval | ||
| 500 | |a v.7: La época del Renacimiento: el amanecer de la edad moderna | ||
| 500 | |a v.8: La época de la expansión: Europa y el mundo desde 1559 hasta 1660 | ||
| 500 | |a v.9: El siglo XVIII: Europa en la época de la Ilustración | ||
| 500 | |a v.10: El siglo XIX: las contradicciones del progreso | ||
| 500 | |a v.11: El siglo XX: la historia de nuestro tiempo | ||
| 500 | |a v.12: Estados Unidos: una civilización | ||
| 583 | |a last modification |c 20180403 05:09:03 |k Rodrigo Vera | ||
| 650 | 0 | |a Civilización |9 255823 | |
| 650 | 0 | |a Historia universal |9 266877 | |
| 852 | |a BIBCUR | ||
| 942 | |c BK |2 ddc | ||
| 945 | |d 19900827 00:00:00 | ||
| 952 | |0 0 |1 0 |2 ddc |4 0 |6 909_000000000000000_HIS_1988 |7 0 |8 A |9 217768 |a BIBHIS |b BIBHIS |d 2019-11-15 |h v.1 |i 2866412 |l 1 |m 1 |o 909 HIS 1988 |p 2866412 |r 2025-01-20 |s 2024-07-02 |t 1 |w 2019-11-15 |y BK |k HIS | ||
| 952 | |0 0 |1 0 |2 ddc |4 0 |6 909_000000000000000_HIS_1988 |7 0 |8 A |9 217769 |a BIBHIS |b BIBHIS |d 2019-11-15 |h v.2 |i 2866544 |o 909 HIS 1988 |p 2866544 |r 2025-01-20 |t 1 |w 2019-11-15 |y BK |k HIS | ||
| 952 | |0 0 |1 0 |2 ddc |4 0 |6 909_000000000000000_HIS_1988 |7 0 |8 A |9 217770 |a BIBHIS |b BIBHIS |d 2019-11-15 |h v.3 |i 2865734 |o 909 HIS 1988 |p 2865734 |r 2025-01-20 |t 1 |w 2019-11-15 |y BK |k HIS | ||
| 952 | |0 0 |1 0 |2 ddc |4 0 |6 909_000000000000000_HIS_1988 |7 0 |8 A |9 217771 |a BIBEDU |b BIBEDU |d 2019-11-15 |h v.3 |i 2865742 |o 909 HIS 1988 |p 2865742 |r 2019-11-15 |t 2 |w 2019-11-15 |y BK |k LIT | ||
| 952 | |0 0 |1 0 |2 ddc |4 0 |6 909_000000000000000_HIS_1988 |7 0 |8 A |9 217772 |a BIBHIS |b BIBHIS |d 2019-11-15 |h v.4 |i 2864673 |o 909 HIS 1988 |p 2864673 |r 2025-01-20 |t 1 |w 2019-11-15 |y BK |k HIS | ||
| 952 | |0 0 |1 0 |2 ddc |4 0 |6 909_000000000000000_HIS_1988 |7 0 |8 A |9 217773 |a BIBHIS |b BIBHIS |d 2019-11-15 |h v.5 |i 2864681 |o 909 HIS 1988 |p 2864681 |r 2025-01-20 |t 1 |w 2019-11-15 |y BK |k HIS | ||
| 952 | |0 0 |1 0 |2 ddc |4 0 |6 909_000000000000000_HIS_1988 |7 0 |8 A |9 217774 |a BIBHIS |b BIBHIS |d 2019-11-15 |h v.6 |i 2866579 |o 909 HIS 1988 |p 2866579 |r 2025-01-20 |t 1 |w 2019-11-15 |y BK |k HIS | ||
| 952 | |0 0 |1 0 |2 ddc |4 0 |6 909_000000000000000_HIS_1988 |7 0 |8 A |9 217775 |a BIBHIS |b BIBHIS |d 2019-11-15 |h v.7 |i 2866404 |o 909 HIS 1988 |p 2866404 |r 2025-01-20 |t 1 |w 2019-11-15 |y BK |k HIS | ||
| 952 | |0 0 |1 0 |2 ddc |4 0 |6 909_000000000000000_HIS_1988 |7 0 |8 A |9 217776 |a BIBHIS |b BIBHIS |d 2019-11-15 |h v.7 |i 3324966 |o 909 HIS 1988 |p 3324966 |r 2025-01-20 |t 2 |w 2019-11-15 |y BK |k HIS | ||
| 952 | |0 0 |1 0 |2 ddc |4 0 |6 909_000000000000000_HIS_1988 |7 0 |8 A |9 217777 |a BIBHIS |b BIBHIS |d 2019-11-15 |h v.8 |i 2856174 |o 909 HIS 1988 |p 2856174 |r 2025-01-20 |t 1 |w 2019-11-15 |y BK |k HIS | ||
| 952 | |0 0 |1 0 |2 ddc |4 0 |6 909_000000000000000_HIS_1988 |7 0 |8 A |9 217778 |a BIBHIS |b BIBHIS |d 2019-11-15 |h v.8 |i 3324974 |o 909 HIS 1988 |p 3324974 |r 2025-01-20 |t 2 |w 2019-11-15 |y BK |k HIS | ||
| 952 | |0 0 |1 0 |2 ddc |4 0 |6 909_000000000000000_HIS_1988 |7 0 |8 A |9 217779 |a BIBHIS |b BIBHIS |d 2019-11-15 |h v.9 |i 2865858 |o 909 HIS 1988 |p 2865858 |r 2025-01-20 |t 1 |w 2019-11-15 |y BK |k HIS | ||
| 952 | |0 0 |1 0 |2 ddc |4 0 |6 909_000000000000000_HIS_1988 |7 0 |8 A |9 217780 |a BIBHIS |b BIBHIS |d 2019-11-15 |h v.9 |i 3324982 |o 909 HIS 1988 |p 3324982 |r 2025-01-20 |t 2 |w 2019-11-15 |y BK |k HIS | ||
| 952 | |0 0 |1 0 |2 ddc |4 0 |6 909_000000000000000_HIS_1988 |7 0 |8 A |9 217781 |a BIBHIS |b BIBHIS |d 2019-11-15 |h v.10 |i 2865718 |o 909 HIS 1988 |p 2865718 |r 2025-01-20 |t 1 |w 2019-11-15 |y BK |k HIS | ||
| 952 | |0 0 |1 0 |2 ddc |4 0 |6 909_000000000000000_HIS_1988 |7 0 |8 A |9 217782 |a BIBHIS |b BIBHIS |d 2019-11-15 |h v.11 |i 2865726 |o 909 HIS 1988 |p 2865726 |r 2025-01-20 |t 1 |w 2019-11-15 |y BK |k HIS | ||
| 952 | |0 0 |1 0 |2 ddc |4 0 |6 909_000000000000000_HIS_1988 |7 0 |8 A |9 217783 |a BIBHIS |b BIBHIS |d 2019-11-15 |h v.12 |i 2864665 |o 909 HIS 1988 |p 2864665 |r 2025-01-20 |t 1 |w 2019-11-15 |y BK |k HIS | ||
| 952 | |0 0 |1 0 |2 ddc |4 0 |6 909_000000000000000_HIS_1988 |7 0 |8 A |9 217784 |a BIBTEO |b BIBTEO |d 2019-11-15 |h v.4 |i 3961818 |o 909 HIS 1988 |p 3961818 |r 2025-01-17 |t 2 |w 2019-11-15 |y BK |k ICR | ||
| 952 | |0 0 |1 0 |2 ddc |4 0 |6 909_000000000000000_HIS_1988 |7 0 |8 A |9 217785 |a BIBTEO |b BIBTEO |d 2019-11-15 |h v.5 |i 396180K |o 909 HIS 1988 |p 396180K |r 2025-01-17 |t 2 |w 2019-11-15 |y BK |k ICR | ||
| 952 | |0 0 |1 0 |2 ddc |4 0 |6 909_000000000000000_HIS_1988 |7 0 |8 A |9 217786 |a BIBTEO |b BIBTEO |d 2019-11-15 |h v.6 |i 3961796 |o 909 HIS 1988 |p 3961796 |r 2025-01-17 |t 2 |w 2019-11-15 |y BK |k ICR | ||